Images That Start with 'N' Quiz Stats

 Plays Quiz Updated Nov 8, 2017

Challenge
Share
Tweet
Score 0/20 Timer 04:00
1 Play Today
% Correct
nurse
94%
napkin
92.3%
noose
91.3%
Neptune
87.6%
noodles
87.1%
nickel
84.8%
nectarine
84.6%
Nevada
82.3%
noon
81.5%
needles
72.6%
% Correct
nutcracker
69.7%
nozzle
67.9%
neon
67.2%
Nigeria
60.9%
newt
60.7%
nylon
60.3%
narwhal
58.8%
neuron
55.3%
Newfoundland
42.9%
nautilus
32.4%

You're not logged in!

Compare scores with friends on all Sporcle quizzes.
Join for Free
OR
Log In

You Might Also Like...

Show Comments

Extras

Top Quizzes Today


Score Distribution

Your Account Isn't Verified!

In order to create a playlist on Sporcle, you need to verify the email address you used during registration. Go to your Sporcle Settings to finish the process.

Report this User

Report this user for behavior that violates our Community Guidelines.

Details: